[Event "World Youth Open U18 2016"]
[Site "Khanty-Mansiysk RUS"]
[Date "2016.10.03"]
[Round "11.25"]
[White "Holtman, Teodor"]
[Black "Sukovic, Andrej"]
[Result "1/2-1/2"]
[WhiteElo "2201"]
[BlackElo "2114"]
[WhiteFideId "14933721"]
[BlackFideId "16502310"]
[EventDate "2016.09.22"]

1. e4 c5 2. Nf3 d6 3. d4 cxd4 4. Nxd4 Nf6 5. Nc3 a6 6. Be3 e5 7. Nb3 Be6 8. f4
Qc7 9. f5 Bc4 10. Bxc4 Qxc4 11. Qf3 b5 12. O-O-O Nbd7 13. Kb1 Rc8 14. Rc1 a5 15.
Nxa5 Qb4 16. Nb3 Rxc3 17. bxc3 Qa4 18. Rhe1 Be7 19. Rcd1 O-O 20. Bf2 Ra8 21. Nc1
d5 22. Rxd5 Nxd5 23. exd5 1/2-1/2

[Event "World Youth Open U18 2016"]
[Site "Khanty-Mansiysk RUS"]
[Date "2016.10.03"]
[Round "11.26"]
[White "Oner, Oguz"]
[Black "Gong, Patrick"]
[Result "0-1"]
[WhiteElo "1962"]
[BlackElo "2143"]
[WhiteFideId "6329330"]
[BlackFideId "3222500"]
[EventDate "2016.09.22"]

1. d4 Nf6 2. c4 c5 3. d5 d6 4. Nc3 g6 5. Nf3 Bg7 6. h3 O-O 7. Bf4 a6 8. a4 Nh5
9. Bh2 f5 10. e3 Qa5 11. Ra3 Nd7 12. Be2 Nhf6 13. O-O h6 14. Bd3 Ne8 15. Nh4 Kh7
16. e4 Bf6 17. Nf3 f4 18. g3 Be5 19. Nxe5 dxe5 20. gxf4 exf4 21. e5 Nxe5 22. Re1
Qc7 23. Bb1 Ng7 24. Qe2 Nf7 25. Qxe7 Qxe7 26. Rxe7 Nd6 27. Ne2 Nxc4 28. Rc3 b5
29. b3 Nd2 30. Rxc5 Re8 31. Rxe8 Nxe8 32. Bc2 Bf5 33. Bxf5 gxf5 34. axb5 f3 35.
Nd4 axb5 36. Rc1 Nf6 37. Bf4 Nfe4 38. d6 Rg8+ 39. Bg3 f4 40. Rc7+ Kh8 41. Nxf3
Nxf3+ 42. Kg2 fxg3 0-1

[Event "World Youth Open U18 2016"]
[Site "Khanty-Mansiysk RUS"]
[Date "2016.10.03"]
[Round "11.27"]
[White "Helander, Benjamin"]
[Black "Weerasinghe, C C"]
[Result "1/2-1/2"]
[WhiteElo "1892"]
[BlackElo "1884"]
[WhiteFideId "514101"]
[BlackFideId "9921087"]
[EventDate "2016.09.22"]

1. e4 c5 2. Nf3 Nc6 3. d4 cxd4 4. Nxd4 e5 5. Nf3 Nf6 6. Bd3 d5 7. Nbd2 Bc5 8.
O-O Bg4 9. Re1 O-O 10. h3 Bxf3 11. gxf3 dxe4 12. Nxe4 Nxe4 13. Bxe4 f5 1/2-1/2

[Event "World Youth Open U18 2016"]
[Site "Khanty-Mansiysk RUS"]
[Date "2016.10.03"]
[Round "11.28"]
[White "Barp, Alberto"]
[Black "Shih, Yu-An"]
[Result "1-0"]
[WhiteTitle "FM"]
[WhiteElo "2244"]
[BlackElo "1493"]
[WhiteFideId "872555"]
[BlackFideId "16300645"]
[EventDate "2016.09.22"]

1. d4 d6 2. c4 e5 3. d5 Nf6 4. Nc3 Bf5 5. g3 Nbd7 6. Bh3 Bxh3 7. Nxh3 Be7 8. e4
Nc5 9. f3 O-O 10. O-O c6 11. Be3 cxd5 12. cxd5 Qd7 13. Nf2 Rfc8 14. Nd3 Nxd3 15.
Qxd3 Bd8 16. Rfc1 a6 17. Rc2 b5 18. Rac1 Qb7 19. a3 Ba5 20. Na2 Rxc2 21. Qxc2
Kf8 22. Qc6 Qxc6 23. Rxc6 Ne8 24. Bb6 Bd2 25. Kf2 Ke7 26. Ke2 Bg5 27. h4 Bf6 28.
Ba5 Kd7 29. Nb4 Bd8 30. Bxd8 Kxd8 31. Rxa6 Rc8 32. Nc6+ Kd7 33. Ra7+ Rc7 34.
Rxc7+ Nxc7 35. Nb4 g6 36. g4 h5 37. b3 f6 38. a4 bxa4 39. bxa4 Na8 40. a5 Kc7
41. Nc6 Kb7 42. Ne7 1-0

[Event "World Youth Open U18 2016"]
[Site "Khanty-Mansiysk RUS"]
[Date "2016.10.03"]
[Round "11.29"]
[White "Sadubayev, Airat"]
[Black "Ramacker, Quinten"]
[Result "0-1"]
[WhiteElo "2231"]
[BlackElo "1947"]
[WhiteFideId "13713264"]
[BlackFideId "210404"]
[EventDate "2016.09.22"]

1. e4 c5 2. Nf3 e6 3. d4 cxd4 4. Nxd4 Nc6 5. Nc3 a6 6. a3 Qc7 7. Be3 Nf6 8. f4
d6 9. Qf3 Be7 10. O-O-O Bd7 11. Rg1 Nxd4 12. Rxd4 Bc6 13. g4 d5 14. e5 Nd7 15.
Qf2 b5 16. Kb1 Rb8 17. Na2 a5 18. c3 Bc5 19. Rd1 Qb6 20. Bxc5 Nxc5 21. Qd4 O-O
22. g5 Nb3 23. Qxb6 Rxb6 24. Bd3 Nc5 25. Bc2 g6 26. Rd4 Kg7 27. h4 Rc8 28. h5
Bd7 29. h6+ Kf8 30. Rgd1 Ke7 31. Nc1 Na6 32. Bd3 Be8 33. Nb3 a4 34. Nc1 Nb8 35.
Bf1 Nc6 36. R4d2 Na5 37. Na2 Nb3 38. Rf2 Nc5 39. Bd3 Rd8 40. Bc2 Rc8 41. Nb4 Na6
42. Nxa6 Rxa6 43. Rd4 Rc5 44. Bd3 Ra8 45. Bf1 Rac8 46. Rfd2 Rc4 47. Kc2 Rxd4 48.
Rxd4 Ra8 49. Kd2 Ra5 50. Rb4 Kd8 51. Ke3 Kc7 52. Kd4 Kc6 53. Be2 Bd7 54. Bf3 Kb6
55. Bg2 Bc8 56. Bf1 Kc6 57. Bd3 Bd7 58. Bc2 Ra8 59. Bd1 Ra5 60. Bg4 Ra7 61. Bd1
Ra5 62. Bc2 Ra8 63. c4 bxc4 64. Bxa4+ Kc7 65. Bc2 Ra5 66. Bd1 Bc6 67. Bc2 Bd7
68. a4 Bc6 69. b3 cxb3 70. Bxb3 Bd7 71. Bc2 Ra6 72. Kc3 Ra8 73. Kb3 Kc6 74. Kc3
Kc5 75. Rb7 Kc6 76. Rb5 Kc7 77. Rb4 Kc6 78. Kd4 Kc7 79. Kc5 Ra5+ 80. Kd4 Ra8 81.
Kc3 Kc6 82. Bd3 Kc5 83. Rb7 Kc6 84. Rb4 Kc5 85. Bc2 Bc6 86. Bb3 Rd8 87. Rd4 Rb8
88. Bc2 Rb7 89. a5 Ra7 90. Rb4 Bb5 91. Ba4 Rxa5 92. Bxb5 Ra3+ 0-1

[Event "World Youth Open U18 2016"]
[Site "Khanty-Mansiysk RUS"]
[Date "2016.10.03"]
[Round "11.30"]
[White "Roos, Lucas"]
[Black "Kenenbaev, Aidar"]
[Result "1/2-1/2"]
[WhiteElo "1830"]
[BlackElo "2143"]
[WhiteFideId "14308673"]
[BlackFideId "13801180"]
[EventDate "2016.09.22"]

1. e4 c5 2. Nc3 d6 3. Nge2 Nf6 4. d4 cxd4 5. Nxd4 a6 6. Be3 e5 7. Nb3 Be7 8. f3
Be6 9. Qd2 O-O 10. O-O-O Nbd7 11. g4 b5 12. Qf2 Bxg4 13. fxg4 Nxg4 14. Qg3 Nxe3
15. Rg1 Bg5 16. Qxg5 Qxg5 17. Rxg5 Nxd1 18. Nxd1 Nb6 19. Nd2 g6 20. Bh3 Rad8 21.
b4 Kg7 1/2-1/2

[Event "World Youth Open U18 2016"]
[Site "Khanty-Mansiysk RUS"]
[Date "2016.10.03"]
[Round "11.32"]
[White "Maltezeanu, Stefan"]
[Black "Noguchi, Takaya"]
[Result "1/2-1/2"]
[WhiteElo "1734"]
[BlackElo "1491"]
[WhiteFideId "4004655"]
[BlackFideId "7002270"]
[EventDate "2016.09.22"]

1. e4 c6 2. d4 d5 3. Nc3 dxe4 4. Nxe4 Bf5 5. Ng3 Bg6 6. h4 h6 7. Nf3 Nd7 8. h5
Bh7 9. Bd3 Bxd3 10. Qxd3 e6 11. Bd2 Ngf6 12. O-O-O Bd6 13. Ne4 Nxe4 14. Qxe4 Nf6
15. Qe2 Qc7 16. Kb1 O-O-O 17. c4 c5 18. Bc3 Rhe8 19. dxc5 Bxc5 20. Bxf6 gxf6 21.
Nd2 Qc6 22. Ne4 Be7 23. f3 f5 24. Nc3 a6 25. b3 Rg8 26. Rxd8+ Rxd8 27. Na4 Bg5
28. Rd1 Qc7 29. Rxd8+ Qxd8 30. Kc2 Qd4 31. Nc3 Kc7 32. b4 Kc6 33. Qd3 Qf2+ 34.
Qe2 Qd4 1/2-1/2